000 00468nam a2200193Ia 4500
003 GCL
008 140319s9999 xx 000 0 eng d
040 _aGCL /
_cGCL
082 0 4 _a645.4
_bS D
100 1 _aSTONE, JEFF
245 1 0 _aDESK /
_cSTONE, JEFF
700 1 _aGROSS, KIM JOHNSON
260 _a[S.N] :
_bTHAMES AND HUDSON ،
_c1994
300 _a103 P
650 0 4 _aDESKTOP PUBLISHING
650 0 4 _aHOUSE FURNISHING
650 0 4 _aDESK
942 _2ddc
_cBK
999 _c11896
_d11896